[Event "Seefeld op 12th"]
[Site "Seefeld"]
[Date "2001.09.18"]
[Round "4"]
[White "Vasic, Miroslav"]
[Black "Mueller, Georg"]
[Result "1/2-1/2"]
[WhiteElo "1690"]
[BlackElo "2035"]
[PlyCount "40"]
[EventDate "2001.09.15"]
[EventType "swiss"]
[EventRounds "9"]
[EventCountry "AUT"]
[SourceTitle "EXT 2002"]
[Source "ChessBase"]
[SourceDate "2001.11.25"]
[SourceVersion "1"]
[SourceVersionDate "2001.11.25"]
[SourceQuality "1"]

1. Nf3 d5 2. d4 Bf5 3. Nc3 e6 4. a3 Nf6 5. Bg5 c5 6. dxc5 Bxc5 7. e3 0-0 8. Bd3 Bxd3 9. Qxd3 Nbd7 10. 0-0 h6 11. Bf4 Be7 12. Rfe1 Rc8 13. Qe2 Qb6 14. Rab1 Nc5 15. Be5 Nce4 16. Bd4 Nxc3 17. Bxc3 Ne4 18. Bd4 Bc5 19. c3 Bxd4 20. exd4 Qb3 1/2-1/2

[Event "Seefeld op 11th"]
[Site "Seefeld"]
[Date "2000.09.20"]
[Round "5"]
[White "Vasic, Miroslav"]
[Black "Disselberger, Alfons"]
[Result "1-0"]
[WhiteElo "1690"]
[BlackElo "1321"]
[PlyCount "45"]
[EventDate "2000.09.16"]
[EventType "swiss"]
[EventRounds "9"]
[EventCountry "AUT"]
[SourceTitle "EXT 2001"]
[Source "ChessBase"]
[SourceDate "2000.11.22"]
[SourceVersion "1"]
[SourceVersionDate "2000.11.22"]
[SourceQuality "1"]

1. e4 e6 2. Nf3 d5 3. exd5 exd5 4. d4 Nf6 5. c3 Nbd7 6. Bd3 c5 7. dxc5 Nxc5 8. 0-0 Be7 9. Re1 0-0 10. Be3 Nxd3 11. Qxd3 Bg4 12. Nbd2 Re8 13. h3 Bh5 14. Bd4 Bg6 15. Qb5 Ne4 16. Nxe4 dxe4 17. Ne5 b6 18. Nxg6 hxg6 19. Rxe4 Rb8 20. Rae1 a6 21. Qe5 f6 22. Qe6+ Kf8 23. Rh4 1-0

[Event "Seefeld op 10th"]
[Site "Seefeld"]
[Date "1999.09.19"]
[Round "9"]
[White "Vasic, Miroslav"]
[Black "Disselberger, Alfons"]
[Result "1-0"]
[WhiteElo "1690"]
[BlackElo "1423"]
[PlyCount "61"]
[EventDate "1999.09.11"]
[EventType "swiss"]
[EventRounds "9"]
[EventCountry "AUT"]
[SourceTitle "EXT 2001"]
[Source "ChessBase"]
[SourceDate "2000.11.22"]
[SourceVersion "1"]
[SourceVersionDate "2000.11.22"]
[SourceQuality "1"]

1. g3 Nf6 2. b3 e6 3. Bg2 Be7 4. Bb2 0-0 5. Nf3 d5 6. c3 Nbd7 7. d4 c6 8. Nbd2 b6 9. Qc2 Ba6 10. h4 Nh5 11. e4 Rc8 12. e5 f5 13. exf6 Bxf6 14. 0-0-0 c5 15. c4 cxd4 16. Nxd4 Bxd4 17. Bxd4 b5 18. c5 Nxc5 19. Bxc5 Rxf2 20. Bh3 Qf6 21. Kb1 Nxg3 22. Rhe1 Ne4 23. b4 Rh2 24. Re3 Kh8 25. Nxe4 Rxc2 26. Nxf6 R2xc5 27. bxc5 gxf6 28. Rxe6 Bb7 29. Rxf6 Rxc5 30. Rg1 Rc1+ 31. Kxc1 1-0

[Event "Seefeld op 10th"]
[Site "Seefeld"]
[Date "1999.09.13"]
[Round "3"]
[White "Steck, Werner"]
[Black "Vasic, Miroslav"]
[Result "1-0"]
[WhiteElo "1800"]
[BlackElo "1690"]
[PlyCount "91"]
[EventDate "1999.09.11"]
[EventType "swiss"]
[EventRounds "9"]
[EventCountry "AUT"]
[SourceTitle "EXT 2001"]
[Source "ChessBase"]
[SourceDate "2000.11.22"]
[SourceVersion "1"]
[SourceVersionDate "2000.11.22"]
[SourceQuality "1"]

1. e4 g6 2. d4 d6 3. b3 Bg7 4. Bb2 c5 5. Nf3 Bg4 6. Be2 Nd7 7. 0-0 a6 8. c3 Ngf6 9. h3 Bxf3 10. Bxf3 Qc7 11. Nd2 0-0 12. Rc1 Rac8 13. Re1 b5 14. c4 Rfd8 15. d5 b4 16. Qe2 Re8 17. g3 e6 18. Qd3 e5 19. Bg2 Qd8 20. a3 a5 21. a4 Bh6 22. Rc2 Bxd2 23. Qxd2 Kg7 24. Bc1 Ng8 25. h4 h6 26. Bh3 Rc7 27. Re3 Ndf6 28. Qe2 Nh5 29. Kg2 Ngf6 30. Rf3 Kh7 31. Qe3 Ng8 32. Bd2 Qe7 33. Rc1 Qf8 34. Rh1 Qg7 35. Qe2 Nhf6 36. g4 Rb7 37. g5 Nh5 38. Bg4 Rf8 39. Bxh5 gxh5 40. Rg3 Qh8 41. Qxh5 Rd7 42. g6+ Kg7 43. gxf7+ Kf6 44. Bg5+ Kg7 45. Bxh6+ Kh7 46. Qg6# 1-0

[Event "Seefeld op 08th"]
[Site "Seefeld"]
[Date "1997.??.??"]
[Round "?"]
[White "Laengl, Juergen"]
[Black "Vasic, Miroslav"]
[Result "1-0"]
[WhiteElo "2120"]
[BlackElo "1700"]
[PlyCount "117"]
[EventDate "1997.09.??"]
[EventType "swiss"]
[EventRounds "9"]
[EventCountry "AUT"]
[SourceTitle "EXT 2000"]
[Source "ChessBase"]
[SourceDate "1999.11.16"]
[SourceVersion "1"]
[SourceVersionDate "1999.11.16"]
[SourceQuality "1"]

1. d4 d5 2. c4 dxc4 3. Nf3 Nd7 4. e3 Nb6 5. Nbd2 Be6 6. Qc2 Nf6 7. e4 c6 8. a4 a5 9. Be2 h6 10. 0-0 g5 11. Rd1 Qc7 12. Ne5 Rd8 13. Qc3 Ra8 14. Qg3 Nfd7 15. Ndxc4 Nxc4 16. Nxc4 Qxg3 17. hxg3 Bxc4 18. Bxc4 e6 19. Be3 Rd8 20. Rac1 Bg7 21. f3 0-0 22. Kf2 Kh7 23. Rh1 Kg6 24. e5 Nb6 25. Bb3 Rc8 26. Rc5 Ra8 27. f4 f6 28. Bxe6 fxe5 29. f5+ Rxf5+ 30. Bxf5+ Kxf5 31. b3 Nd7 32. Rc4 Kg6 33. Rd1 Nb6 34. Rc5 Nd5 35. dxe5 Bxe5 36. Bd4 Rf8+ 37. Kg1 Bxg3 38. Rc2 Re8 39. Bf2 Bd6 40. Re1 Rd8 41. Re6+ Nf6 42. Bb6 Rd7 43. Bxa5 Bg3 44. Rd2 Rf7 45. Rd3 Kf5 46. Rxf6+ Rxf6 47. Rxg3 g4 48. Re3 Rd6 49. Kh2 b5 50. Bb4 Rg6 51. a5 h5 52. Rc3 Re6 53. Rc5+ Kg6 54. a6 h4 55. a7 Re8 56. Rxc6+ Kf5 57. Rc5+ Ke4 58. Rxb5 h3 59. Rb8 1-0

[Event "Seefeld op 08th"]
[Site "Seefeld"]
[Date "1997.??.??"]
[Round "?"]
[White "Sarre, Sascha"]
[Black "Vasic, Miroslav"]
[Result "1-0"]
[WhiteElo "2095"]
[BlackElo "1700"]
[PlyCount "119"]
[EventDate "1997.09.??"]
[EventType "swiss"]
[EventRounds "9"]
[EventCountry "AUT"]
[SourceTitle "EXT 2000"]
[Source "ChessBase"]
[SourceDate "1999.11.16"]
[SourceVersion "1"]
[SourceVersionDate "1999.11.16"]
[SourceQuality "1"]

1. e4 e5 2. Nf3 d6 3. d4 exd4 4. Nxd4 g6 5. Bc4 Bg7 6. 0-0 Bxd4 7. Qxd4 Qf6 8. Qd3 Nd7 9. f4 Ne7 10. e5 Qf5 11. Qc3 0-0 12. Bd3 Nd5 13. Bxf5 Nxc3 14. Bxd7 Ne2+ 15. Kf2 Nxc1 16. Bxc8 Raxc8 17. Rxc1 dxe5 18. fxe5 Rfe8 19. Nc3 Rxe5 20. Re1 Rce8 21. Rxe5 Rxe5 22. Re1 Rc5 23. Rd1 f5 24. Rd5 Rc6 25. Ke3 Kg7 26. Rd7+ Kg8 27. Kf4 h6 28. Ke5 Kf8 29. Rh7 h5 30. h3 Kg8 31. Re7 Rc5+ 32. Kf6 Rc6+ 33. Re6 Rxe6+ 34. Kxe6 Kg7 35. h4 c6 36. Ne2 c5 37. Ng1 b5 38. Nf3 a5 39. Kd5 c4 40. a4 c3 41. b3 bxa4 42. bxa4 Kf6 43. g3 f4 44. gxf4 Kf5 45. Ne5 Kxf4 46. Nxg6+ Ke3 47. Kc4 Ke4 48. Kxc3 Kf5 49. Kd4 Kxg6 50. c4 Kf7 51. Kc5 Ke7 52. Kc6 Kf6 53. c5 Kf5 54. Kd6 Kg4 55. c6 Kxh4 56. c7 Kg3 57. c8Q h4 58. Kc5 h3 59. Kb5 h2 60. Qc6 1-0

[Event "Seefeld op 08th"]
[Site "Seefeld"]
[Date "1997.??.??"]
[Round "?"]
[White "Vasic, Miroslav"]
[Black "Borger, Martin"]
[Result "1-0"]
[WhiteElo "1700"]
[BlackElo "1815"]
[PlyCount "141"]
[EventDate "1997.09.??"]
[EventType "swiss"]
[EventRounds "9"]
[EventCountry "AUT"]
[SourceTitle "EXT 2000"]
[Source "ChessBase"]
[SourceDate "1999.11.16"]
[SourceVersion "1"]
[SourceVersionDate "1999.11.16"]
[SourceQuality "1"]

1. e4 c5 2. Nf3 Nc6 3. Bc4 e6 4. Nc3 d6 5. 0-0 Nf6 6. Re1 a6 7. a3 Be7 8. d4 cxd4 9. Nxd4 0-0 10. Nxc6 bxc6 11. Be3 d5 12. exd5 exd5 13. Be2 Rb8 14. b4 a5 15. b5 c5 16. Bf4 Bd6 17. Bg5 Be6 18. Bxf6 Qxf6 19. Nxd5 Qe5 20. f4 Qxd5 21. Qxd5 Bxd5 22. Rad1 Bxf4 23. Rxd5 Be3+ 24. Kf1 Bd4 25. c4 Rfe8 26. Bf3 Kf8 27. Rd7 Rxe1+ 28. Kxe1 Ke8 29. Bc6 Kf8 30. Bd5 Re8+ 31. Kd2 Re7 32. Rd6 Be3+ 33. Kd3 Bf4 34. Rd8+ Re8 35. Rxe8+ Kxe8 36. g3 Bc7 37. Ke4 g6 38. Bc6+ Ke7 39. Kd5 Bb6 40. Bb7 Kd7 41. Ke5 Ke7 42. Bc8 Kd8 43. Bb7 Ke7 44. Bf3 f6+ 45. Kd5 Kd7 46. g4 Ba7 47. h4 Bb6 48. Be4 Ba7 49. h5 Bb8 50. hxg6 hxg6 51. Bxg6 Bd6 52. b6 Be5 53. Kxc5 Bd6+ 54. Kb5 Bxa3 55. Kxa5 Kc8 56. Kb5 Bb2 57. c5 Be5 58. Kc6 Kb8 59. Kb5 Bf4 60. c6 Be5 61. Bf5 Bf4 62. c7+ Bxc7 63. bxc7+ Kxc7 64. Kc5 Kd8 65. Bg6 Ke7 66. Kd5 Kf8 67. Ke6 Kg7 68. Bh5 Kg8 69. Kxf6 Kh8 70. g5 Kg8 71. g6 1-0

[Event "Seefeld op 08th"]
[Site "Seefeld"]
[Date "1997.??.??"]
[Round "?"]
[White "Vasic, Miroslav"]
[Black "Feiersinger, Gerhard"]
[Result "1/2-1/2"]
[WhiteElo "1700"]
[BlackElo "1690"]
[PlyCount "93"]
[EventDate "1997.09.??"]
[EventType "swiss"]
[EventRounds "9"]
[EventCountry "AUT"]
[SourceTitle "EXT 2000"]
[Source "ChessBase"]
[SourceDate "1999.11.16"]
[SourceVersion "1"]
[SourceVersionDate "1999.11.16"]
[SourceQuality "1"]

1. d4 d5 2. c4 e6 3. Nc3 Nf6 4. Bg5 Be7 5. Nf3 c6 6. e3 0-0 7. Bd3 h6 8. Bh4 Nbd7 9. 0-0 b6 10. a3 Bb7 11. Re1 c5 12. b3 Ne4 13. Bxe7 Qxe7 14. Qc2 Ng5 15. Nd2 cxd4 16. exd4 Qf6 17. h4 dxc4 18. hxg5 cxd3 19. gxf6 dxc2 20. fxg7 Rfc8 21. Nc4 Ba6 22. d5 Bxc4 23. bxc4 Rxc4 24. dxe6 fxe6 25. Na2 Rac8 26. Rxe6 c1Q+ 27. Rxc1 Rxc1+ 28. Nxc1 Rxc1+ 29. Kh2 Nc5 30. Rxh6 Kxg7 31. Rc6 Nd3 32. Rxc1 Nxc1 33. Kg3 Kf6 34. Kf4 Nd3+ 35. Ke3 Nc5 36. f4 a6 37. g3 Ke6 38. g4 Kd5 39. g5 Ke6 40. Kd4 Nd7 41. Ke4 a5 42. f5+ Kd6 43. Kd4 b5 44. f6 Ke6 45. Ke4 b4 46. axb4 axb4 47. Kd4 1/2-1/2

[Event "Seefeld op 08th"]
[Site "Seefeld"]
[Date "1997.??.??"]
[Round "?"]
[White "Vasic, Miroslav"]
[Black "Ude, Hans Eduard"]
[Result "0-1"]
[WhiteElo "1700"]
[BlackElo "1920"]
[PlyCount "90"]
[EventDate "1997.09.??"]
[EventType "swiss"]
[EventRounds "9"]
[EventCountry "AUT"]
[SourceTitle "EXT 2000"]
[Source "ChessBase"]
[SourceDate "1999.11.16"]
[SourceVersion "1"]
[SourceVersionDate "1999.11.16"]
[SourceQuality "1"]

1. e4 d6 2. d4 g6 3. Bc4 Bg7 4. Nf3 Nf6 5. Nbd2 0-0 6. b4 a5 7. b5 c6 8. a4 Bg4 9. Bd3 Nbd7 10. h3 Bxf3 11. Nxf3 e5 12. c3 cxb5 13. axb5 b6 14. 0-0 Rc8 15. Qb3 h6 16. Be3 Re8 17. Nd2 Re7 18. f3 Qc7 19. Rfc1 Nh5 20. Rc2 Nf8 21. Rac1 Ne6 22. Qa4 Qd8 23. Nb3 g5 24. Kf2 Nhf4 25. Bc4 Rec7 26. Bf1 exd4 27. Bxd4 Bxd4+ 28. Nxd4 Nc5 29. Qa3 Ncd3+ 30. Ke3 Nxc1 31. Rxc1 Qf6 32. Nc6 Re8 33. c4 Rd7 34. g3 Ng6 35. Rd1 Ne5 36. Nd4 Rc7 37. Qa4 Rec8 38. Rc1 Rc5 39. Be2 d5 40. f4 Nxc4+ 41. Bxc4 Rxc4 42. Rxc4 Rxc4 43. Qd1 dxe4 44. Kxe4 Qe6+ 45. Kd3 Rxd4+ 0-1